[Event "Dortmund op-B"]
[Site "Dortmund"]
[Date "2007.06.23"]
[Round "2"]
[White "Scholzuk, Peter"]
[Black "Heyder, Siegfried"]
[Result "1-0"]
[WhiteElo "1774"]
[BlackElo "1389"]
[PlyCount "48"]
[EventDate "2007.06.22"]
[EventType "swiss"]
[EventRounds "9"]
[EventCountry "GER"]
[SourceTitle "EXT 2008"]
[Source "ChessBase"]
[SourceDate "2007.11.25"]
[SourceVersion "1"]
[SourceVersionDate "2007.11.25"]
[SourceQuality "1"]

1. e4 c5 2. Nc3 e6 3. f4 g6 4. Nf3 Bg7 5. d4 cxd4 6. Nxd4 a6 7. Be3 Ne7 8. Qd2 0-0 9. h4 b5 10. h5 Bb7 11. Bd3 Qc7 12. hxg6 fxg6 13. 0-0-0 Nbc6 14. Nce2 Na5 15. b3 Nac6 16. f5 Nxd4 17. Bxd4 Bxd4 18. Nxd4 Qc5 19. Qh6 Rf7 20. fxg6 Rg7 21. Ne2 hxg6 22. Rhf1 Qe5 23. Kb1 Bxe4 24. Qe3 Nd5 1-0